000 00566nam a2200181Ia 4500
001 13940
003 GE_BSU
008 181216s||||||||xx |||||||||||||| ||und||
040 _cGE_BSU
245 _aУспехи современной биологии, Том 134. №5. 2014. Сентябрь-Октябрь
245 _cГл.ред.И.А.Захаров-Гезечус и др.
260 _aМосква
260 _bНаука
260 _c2014
300 _a528стр.29см.
653 _aУспехи современной биологии
942 _cCR
999 _c47083
_d47083